| 000 | 00562nam a2200205Ia 4500 | ||
|---|---|---|---|
| 005 | 20250508163834.0 | ||
| 008 | 008 250505s9999 xx 000 0 eng d | ||
| 020 | _a0-335-20403-1 | ||
| 037 | _aTextual | ||
| 040 |
_aFEDL _beng _cFEDL |
||
| 041 |
_aeng _2eng |
||
| 084 |
_a378.111, BOL _qFEDL |
||
| 100 |
_aBolton Allan _9776507 |
||
| 245 | 0 | _aManaging the academic unit | |
| 260 |
_aBuckingham, UK _bOpen University Press _c2000 |
||
| 300 | _axi,152p. | ||
| 365 |
_aINR _b995 |
||
| 942 |
_cTEXL _h378.111, BOL |
||
| 999 |
_c1385539 _d1385539 |
||